Romanian 2010s Music Quiz: Name the Artist - Statistics

General Stats
  • This quiz has been taken 16 times
    14 since last reset
  • The average score is 13 of 30
Answer Stats
Song Release Date Artist % Correct
Mr. Saxobeat 2010 Alexandra Stan
92%
Sun Is Up 2010 INNA
83%
Minim doi 2012 Alex Velea
75%
Fete din Balcani 2015 Corina, Mira & Skizzo Skillz
75%
Acasă 2014 Smiley
75%
Jameia 2012 Antonia
67%
Vara nu dorm 2012 Connect-R
67%
Despablito 2018 Delia & Grasu XXL
67%
Ochii ăia verzi 2016 Randi
67%
Taxi 2014 What’s UP
67%
Sus pe toc 2013 Shift & Marius Moga
58%
Dalinda 2012 Alex Mica
50%
A fost o nebunie 2015 Alina Eremia
50%
Inevitabil va fi bine 2013 Andra
50%
Puișor 2013 Lora
50%
Panama 2013 Matteo
42%
Vreau sa te... 2014 Maxim
42%
Cu un picior in rai 2016 JO
33%
Focul 2019 3 Sud Est
25%
Viata mea e si buna si rea 2014 Florin Salam
25%
My Passion 2012 Akcent
17%
Daca ar fi 2013 Anda Adam
17%
Sens unic 2017 Andreea Bălan
17%
Eu cu tine viata mea 2016 Bogdan DLP
17%
Puiul meu 2018 Dani Mocanu
17%
Doar pe a ta 2017 Edward Sanda & Ioana Ignat
17%
Sweet Love 2011 Liviu Hodor & Mona
17%
Be Free 2010 Radio Killer
17%
Nina 2011 Sunrise Inc.
17%
Inima 2014 Sore
8%
No matching quizzes found
Score Distribution
Percent of People with Each Score
Percentile by Number Answered
Your Score History
You have not taken this quiz since the last reset